ბათუმის შოთა რუსთაველის სახელმწიფო უნივერსიტეტის ბიბლიოთეკა

დიდი ქართველი პედაგოგი და მოაზროვნე [იაკობ გოგებაშვილი]. (ბიბ.ჩანაწერი № 38268)

000 -ლიდერი
ფიქსირებული სიგრძის საკონტროლო ველი 01042nam a2200241Ia 4500
001 - საკონტროლო ნომერი
საკონტროლო ველი 4258
003 - საკონტროლო ნომრის იდენტიფიკატორი
საკონტროლო ველი GE_BSU
005 - ბოლო ოპერაციის თარიღი და დრო
საკონტროლო ველი 20191011123626.0
008 - ფიქსირებული სიგრძის მონაცემთა ელემენტები - ზოგადი ინფორმაცია
ფიქსირებული სიგრძის საკონტროლო ველი 181216s1960||||ge |||||||||||||| ||geo||
040 ## - კატალოგიზაციის წყარო
Transcribing agency GE_BSU
041 ## - ენის კოდი
Language code of text/sound track or separate title geo
080 ## - უნივერსალური ათობითი კლასიფიკაციის ინდექსი
Universal Decimal Classification number 37.01(092) გ–23
100 ## - მთავარი ჩანაწერი - პიროვნების სახელი
Personal name გაფრინდაშვილი, მიხეილ
9 (RLIN) 3892
245 ## - ცნობა სათაურის შესახებ
Title დიდი ქართველი პედაგოგი და მოაზროვნე [იაკობ გოგებაშვილი].
Statement of responsibility, etc რედ. გ. საჯაია
264 ## - წარმოების, გამოცემის, დისტრიბუციის და სხვა ცნობები
გამოცემის, წარმოების, დისტრიბუციის... ადგილი თბილისი :
გამოცემის, წარმოების, დისტრიბუციის... სახელწოდება ნაკადული,
გამოცემის, წარმოების, დისტრიბუციის... თარიღი 1960.
300 ## - ფიზიკური აღწერა
Extent 140 გვ. ;
Other physical details 20 სმ.
504 ## - BIBLIOGRAPHY, ETC. NOTE
Bibliography, etc ბიბლიოგრ. შენიშვნებში.
600 ## - SUBJECT ADDED ENTRY--PERSONAL NAME
Personal name გოგებაშვილი ი.
9 (RLIN) 4693
653 ## - INDEX TERM--UNCONTROLLED
Uncontrolled term გოგებაშვილი, ი.
653 ## - INDEX TERM--UNCONTROLLED
Uncontrolled term ქართული პედაგოგიკის ისტორია
700 ## - ADDED ENTRY--PERSONAL NAME
Personal name საჯაია, გ.
Relator term რედაქტორი
9 (RLIN) 4694
942 ## - ADDED ENTRY ELEMENTS (KOHA)
Koha item type წიგნი
Source of classification or shelving scheme
ეგზემპლარები
ჩამოწერის სტატუსი დაკარგული ეგზემპლარის სტატუსი კლასიფიკაციის წყარო ან თაროზე გაწყობის სქემა დაზიანების სტატუსი არ გაიცემა მუდმივი მდებარეობა (დაცვის ადგილი) ამჟამინდელი ადგილსამყოფელი თაროზე განთავსების ადგილი შეძენის თარიღი ღირებულება, შესყიდვის ნორმალური ფასი სრული შენახვის შიფრი შტრიხკოდი ბოლო ოპერაციის თარიღი ეგზემპლარის მიმდევრობითი ნომერი (კეტერი?) ფასის ძალაში შესვლის თარიღი ეგზემპლარის სახეობა საჯარო შენიშვნა
          ბათუმის შოთა რუსთაველის სახელმწიფო უნივერსიტეტის მთავარი ბიბლიოთეკა ბათუმის შოთა რუსთაველის სახელმწიფო უნივერსიტეტის მთავარი ბიბლიოთეკა წიგნსაცავი 2018-12-17 0.30 37.01(092) გ–23 6001 2018-12-17 6001 2018-12-17 წიგნი 0.30 თ.